Loading...
| Literature - World Literature | 0 | 5 | 0 | 1 | 50 | 58 | 89.20 | 0 | 2 |
| Current Events | 0 | 3 | 0 | 1 | 30 | 61 | 93.33 | 0 | 2 |
| Literature - American Literature | 0 | 2 | 0 | 0 | 20 | 78 | 85.00 | 1 | 2 |
| History - Other History | 0 | 1 | 0 | 1 | 10 | 114 | 114.00 | 0 | 0 |
| Pop Culture | 0 | 1 | 0 | 0 | 10 | 98 | 98.00 | 0 | 1 |
| History - American History | 0 | 1 | 0 | 0 | 10 | 27 | 27.00 | 1 | 1 |
| History - European History | 0 | 1 | 0 | 0 | 10 | 44 | 44.00 | 1 | 1 |
| Literature - British Literature | 0 | 1 | 0 | 0 | 10 | 64 | 64.00 | 0 | 1 |
| Geography | 0 | 1 | 0 | 0 | 10 | 76 | 76.00 | 0 | 1 |
| Painting/Sculpture | 0 | 1 | 0 | 0 | 10 | 76 | 76.00 | 0 | 0 |
| Religion | 0 | 1 | 0 | 0 | 10 | 89 | 89.00 | 0 | 1 |
| Mythology | 0 | 1 | 1 | 0 | 5 | 55 | 55.00 | 0 | 1 |
| Science - Physics | 0 | 1 | 1 | 0 | 5 | 17 | 17.00 | 0 | 1 |
| Fine Arts - Classical Music | 0 | 0 | 0 | 0 | 0 | 0.00 | 0 | 0 | |
| Philosophy | 0 | 1 | 2 | 0 | 0 | 95 | 95.00 | 0 | 0 |
| Social Science | 0 | 0 | 1 | 0 | -5 | 0.00 | 0 | 0 | |
| History - World History | 0 | 0 | 1 | 0 | -5 | 0.00 | 0 | 0 | |
| Literature - European Literature | 0 | 0 | 1 | 0 | -5 | 0.00 | 0 | 0 | |
| Science - Biology | 0 | 0 | 1 | 0 | -5 | 0.00 | 0 | 0 |